PHOTOSYNTHETICA (Record no. 14387)

MARC details
000 -LEADER
fixed length control field 00412nam a2200145Ia 4500
022 ## - INTERNATIONAL STANDARD SERIAL NUMBER
ISSN 0300-3604
245 #0 - TITLE STATEMENT
Title PHOTOSYNTHETICA
260 ## - PUBLICATION, DISTRIBUTION, ETC. (IMPRINT)
Name of publisher Czechoslovak Academy of Sciences, Prague, Czechoslovakia
310 ## - CURRENT PUBLICATION FREQUENCY
Current publication frequency Q
500 ## - GENERAL NOTE
General note Ending Volume & Year: 24, 1990
500 ## - GENERAL NOTE
General note Missing Volume: 14(1-2)
500 ## - GENERAL NOTE
General note Starting Volume & Year: 14, 1980
942 ## - ADDED ENTRY ELEMENTS (KOHA)
Koha item type Bound Journal
Holdings
Withdrawn status Lost status Damaged status Not for loan Home library Current library Date acquired Accession Number Koha item type
      Bound journals RRII Library RRII Library 31/12/2021 14219J Bound Journal